| 000 | 00555nam a2200205Ia 4500 | ||
|---|---|---|---|
| 008 | 180207s9999 xx 000 0 und d | ||
| 020 | _a9789715080243 | ||
| 050 | _bV864 2001 | ||
| 100 | _aVizcarra, Natasha | ||
| 245 | _aAng itim na kuting = | ||
| 245 | _bThe black kitten / | ||
| 245 | _cby Natasha Vizcarra ; illustrated by Ferdinand Guevara. | ||
| 260 | _aMetro Manila, Philippines : | ||
| 260 | _bAdarna House, | ||
| 260 | _c2001 | ||
| 300 | _aunpaged : | ||
| 300 | _bchiefly colored ; | ||
| 300 | _c22cm. | ||
| 440 | _aAdarna karanasan. | ||
| 999 |
_c355810 _d355810 |
||